A arte das artes (Registo nº 199586)
[ vista simples ]
| 000 -Etiqueta do registo | |
|---|---|
| Valores | 00607nam 22001933 4500 |
| 100 ## - Dados gerais de processamento | |
| Dados gerais | 20251216d u||y0pory50 ba |
| 200 ## - Titulo e menção de responsabilidade | |
| Título próprio | A arte das artes |
| Informação de outro título | educar uma criança |
| Primeira menção de responsabilidade | Joseph Duhr |
| Outras menções de responsabilidade | tradução A. Dias da Costa |
| 205 ## - Menção da edição | |
| Edição | 2ª |
| 210 ## - Publicação | |
| Local de publicação | Lisboa |
| Nome do editor | A.C.P. - Acção Católica Portuguesa |
| Data de publicação | [1954] |
| 215 ## - Descrição física | |
| Paginação / Volumes | 2 v. (296 ; 399 p.) |
| Outras indicações físicas | brochado |
| Dimensões | 19 cm |
| 606 ## - Nome comum usado como assunto | |
| ID Autoridade | 5170 |
| Palavra de ordem | Ciências Sociais Educação |
| 675 ## - CDU | |
| Notação | 37 |
| Edição | PT |
| Língua | por |
| 700 ## - Autor principal (pessoa individual) | |
| ID Autoridade | 15401 |
| Apelido | Duhr |
| Nome | Joseph |
| Datas | 1907-1954 |
| 702 ## - Autor secundário (pessoa individual) | |
| ID Autoridade | 15402 |
| Apelido | Costa |
| Nome | A. Dias da |
| 801 ## - Fonte de origem | |
| País | PT |
| Agência | BMMN |
| Regras de catalogação | RPC |
| 830 ## - Notas gerais do catalogador | |
| Criado por | Ana |
| Indexado por | Ana |
| 990 ## - Elementos KOHA | |
| Tipo de documento | Livro |
| Situação do levantamento | Biblioteca de origem | Código de barras | Cota | Permissão de empréstimo | Tipo de documento | Forma de aquisição |
|---|---|---|---|---|---|---|
| Biblioteca Municipal de Montemor-o-Novo | 28495 | 37 DUH|DEP vol.I | Livro | Compra | ||
| Biblioteca Municipal de Montemor-o-Novo | 28496 | 37 DUH|DEP vol.II | Livro | Compra |